Singularidades de aplicaçoes diferenciáveis
Saved in:
| Hovedforfatter: | |
|---|---|
| Format: | Bog |
| Sprog: | portugisisk |
| Udgivet: |
Río de Janeiro
Instituto de Matemática Pura e Aplicada
1976
|
| Fag: | |
| Tags: |
Tilføj Tag
Ingen Tags, Vær først til at tagge denne postø!
|
MARC
| LEADER | 00000nam a2200000 a 4500 | ||
|---|---|---|---|
| 001 | UCP1622 | ||
| 003 | CL-VaPUC | ||
| 008 | 990416e19760000BL |||||||||||||||||por|d | ||
| 082 | 0 | 4 | |a 514.74 |b SOT |2 21 |
| 100 | 0 | |a Sotomayor, Jorge |e author |9 427776 | |
| 245 | 1 | 0 | |a Singularidades de aplicaçoes diferenciáveis |
| 300 | |a 334 p | ||
| 942 | |c BK | ||
| 945 | |d 19990416 00:00:00 |a crobeson | ||
| 260 | |a Río de Janeiro |b Instituto de Matemática Pura e Aplicada |c 1976 | ||
| 650 | 7 | |a TEORIA DE CATASTROFES |2 CL-VaPUC |9 424991 | |
| 650 | 7 | |a TEORIA DE LA SINGULARIDAD |2 CL-VaPUC |9 426822 | |
| 650 | 0 | |a Topología diferencial |9 423983 | |
| 583 | |a last modification |c 19990416 00:00:00 |k Rodrigo Vera | ||
| 999 | |c 280288 |d 280286 | ||
| 952 | |0 0 |1 0 |4 0 |6 514_740000000000000_SOT_1976 |7 0 |8 A |9 320536 |a BIBMAT |b BIBMAT |d 2019-11-20 |i 1343505 |o 514.74 SOT 1976 |p 1343505 |r 2025-01-07 |w 2019-11-20 |y BK |k MAT | ||